U.S. States by Percent of Immigrants in Order - Statistics

General Stats
  • This quiz has been taken 82 times
  • The average score is 17 of 50
Answer Stats
Percentage State % Correct
26.9% California
98%
21.0% Florida
71%
22.8% New York
71%
22.8% New Jersey
67%
17.2% Texas
62%
19.4% Nevada
56%
15.1% Maryland
51%
17.4% Massachusetts
51%
14.7% Washington
49%
13.4% Arizona
47%
18.7% Hawaii
47%
14.1% Illinois
47%
10.3% Oregon
47%
9.5% Colorado
42%
14.6% Connecticut
42%
10.1% Georgia
40%
9.5% New Mexico
40%
12.5% Virginia
40%
13.2% Rhode Island
36%
8.6% Utah
36%
7.0% Michigan
33%
9.2% Delaware
31%
8.6% Minnesota
31%
8.2% Alaska
29%
7.2% Kansas
29%
4.8% Ohio
29%
7.9% North Carolina
27%
1.5% West Virginia
27%
3.0% Wyoming
27%
3.5% Maine
24%
7.2% Pennsylvania
24%
3.4% Alabama
22%
6.0% Idaho
22%
2.2% Montana
22%
7.2% Nebraska
22%
5.3% Indiana
20%
2.4% Mississippi
20%
4.2% Missouri
20%
4.0% South Dakota
20%
4.9% Vermont
20%
3.8% Kentucky
18%
4.7% North Dakota
18%
4.8% Arkansas
16%
5.5% Iowa
16%
4.2% Louisiana
16%
6.1% New Hampshire
16%
5.1% Wisconsin
16%
5.1% South Carolina
13%
5.1% Tennessee
13%
6.0% Oklahoma
11%
No matching quizzes found
Score Distribution
Percent of People with Each Score
Percentile by Number Answered
Your Score History
You have not taken this quiz